000 00665nam a2200229 a 4500
001 000012310
003 DO-SdBNP
005 20240530073913.0
008 091111s 2005 dr 000 f spa d
020 _a9945854909
040 _aDO-SdBNP
_bspa
_cBNPHU
082 4 _aBNPHU RD863.44
_bG491g
100 1 _aGimbernard, Jacinto,
_d1931-
_928978
245 1 4 _aLos Grau /
_cJacinto Gimbernard.
260 _aSanto Domingo :
_bCuesta-Veliz,
_c2005.
300 _a211 p. ;
_c23 cm.
590 _aInventariado, 2020/VM
650 0 _aNovela dominicana
_9223
650 0 _aLiteratura dominicana.
_967
910 _aValidado. Control de calidad MMOLINA
942 _2ddc
_cLBS1
999 _c11967
_d11967